000 00462nam a2200169Ia 4500
003 GCL
008 140319s9999 xx 000 0 eng d
040 _aGCL /
_cGCL
082 0 4 _a709.0344
_bDT
100 1 _aDENVIR, BERNAARD
245 1 0 _aTHE THOMES AND HUDSON EHCCYCLOPAEDIA OF INPRESSIONSM /
_cDENVIR, BERNAARD
260 _a[S.N] :
_bTHAMES AND HUDSON ،
_c1990
300 _a240
650 0 4 _aIMPRESSIONISM
650 0 4 _aENCYCLOPEDIAS
942 _2ddc
_cBK
999 _c11596
_d11596